Mensaje del señor Presidente de la República doctor R. A. Calderón Guardia, presentado al Congreso Constitucional el 1° de mayo de 1943
Αποθηκεύτηκε σε:
| Κύριος συγγραφέας: | |
|---|---|
| Μορφή: | Κείμενο |
| Έκδοση: |
San José :
|
| Ετικέτες: |
Προσθήκη ετικέτας
Δεν υπάρχουν, Καταχωρήστε ετικέτα πρώτοι!
|
MARC
| LEADER | 00000 a a2200000 04500 | ||
|---|---|---|---|
| 001 | 17024 | ||
| 003 | |||
| 040 | |a CRAI/IIS |c CRAI/IIS | ||
| 090 | |a 008100 | ||
| 100 | |a Calderón Guardia, Rafael Angel | ||
| 245 | |a Mensaje del señor Presidente de la República doctor R. A. Calderón Guardia, presentado al Congreso Constitucional el 1° de mayo de 1943 | ||
| 260 | |a San José : | ||
| 300 | |a 36 p. | ||
| 999 | |c 10006 |d 10006 | ||
